00327nam a2200145Ia 4500008004100000041000800041082001600049100000800065245003300073260002200106300000900128500001800137650001800155700000800173230125s9999 xx 000 0 und d aeng a658.45bIMS aIMS aCommunication skills builder c2005bIMSaMumbai a204p aCommunication aCommunication aIMS